| 000 | 00456nam a2200145Ia 4500 | ||
|---|---|---|---|
| 008 | 170221s9999 xx 000 0 und d | ||
| 100 | _aRyan Blunck | ||
| 245 | _aEvidence on the contracting explanation of conservatism | ||
| 245 | _cRyan Blunck, Georgia State University. | ||
| 260 | _bJournal of Management and Marketing Research | ||
| 260 | _c2012 | ||
| 300 | _a32 : 19 | ||
| 650 | _xBusiness | ||
| 856 | _uhttp://www.aabri.com/manuscripts/131509.pdf | ||
| 999 |
_c311410 _d311410 |
||